00680nam a22002297a 4500999001900000003000400019020001800023082001900041100001400060245003900074260004900113300001000162440003500172546001200207650002400219650002100243650001600264700001700280700002000297942001200317952012100329 c195148d195148OSt a9789390175246 a631.52bRAJ/PR aRajan, S. aPropagation of horticultural crops aNew DelhibNew India Publishing Agencyc2021 a247p. aHorticulture science seriesv6 aEnglish aHorticultural crops aPlantation crops aSpice crops aMarkose, B L aPeter, K V, Ed. 2ddccBK 00102ddc40708GenaKAUCLVbKAUCLVcGENERALd2020-11-17g695.00l0o631.52 RAJ/PRp811494r2020-11-17 00:00:00yBK